000 01087nam a2200265Ia 4500
003 OSt
005 20220923211453.0
006 a|||||r|||| 00| 0
007 ta
008 220922b |||||||| |||| 00| 0 hin d
020 _a9789350726327 (hbk)
_c500
024 _a282,878
037 _b319, 10/01/2015, Vani Prakashan
_cTextual
040 _aARTS
_cARTS
_bhin
041 _2hin
_ahin
082 _aO152,3N01,SA, Q4
100 _aशर्मा, पाण्डेय बेचन, 'उग्र'; पाण्डेय, रत्नाकर, संपा.
_9160570
245 0 _aसब्ज़बाग़
246 _aSabज़bāग़
260 _aनयी दिल्ली
_b वाणी प्रकाशन
_c2014
300 _a136पृ.
_ccm.
650 _aहिन्दी साहित्य
_9156264
942 _hO152,3N01,SA, Q4
_cTEXL
_2CC
999 _c299866
_d299866